000 00308nam a22001097a 4500
999 _c15104
_d15104
008 200304b ||||| |||| 00| 0 eng d
245 _aIRR for rice tariff law signed.
260 _aDavao City, Philippines;
_bSunstar Davao,
_c©2019.
300 _apage 7;
_c29.5cm.
650 _aLaw.
_941832
942 _2ddc
_cPER